000 01533nam0a22003011 4500
001 rc\3357937
005 20230821100155.0
021 _aRU
_b[70-43158]
035 _a(NLR Aleph) 007524355
090 _a7735410
_c7735410
100 _a20130115d1970 |||y0rusy50 ca
101 0 _arus
102 _aRU
105 _ay z |||||
200 1 _aЛенин и проблемы научно-атеистического воспитания молодежи
_e(Материалы к предстоящей III гор. юбилейной науч.-практ. конференции учителей)
_fПед. о-во РСФСР. Новокузнецкое гор. отд-ние. Новокузнецкий гор. отд. нар. образования. Новокузнецкий гос. пед. ин-т
210 _aНовокузнецк
_cБ. и.
_d1970
215 _a37 с.
_d20
300 _aНа обороте тит. л. сост.: И.С. Окладников
606 _aНаучно-атеистическое воспитание
_jСборники
_2psbo
702 1 _aЛенин
_bВ. И.
_f1870-1924
_gВладимир Ильич
_4570
702 1 _aОкладников
_bИ. С.
_4220
712 1 2 _aНовокузнецкая городская научно-практическая конференция учителей
_d3
_f1970
_eНовокузнецк
_3RU\NLR\AUTH\880455457
801 0 _aRU
_bNLR
_gpsbo
801 1 _aRU
_bELAR
_2rusmarc
852 _aNLR
_j70-4/9893
942 _cBOOK
980 _aNB